[Event "Pirot SEE Schev 2nd"]
[Site "Pirot"]
[Date "2024.08.23"]
[Round "9.3"]
[White "Tomic, Miljan"]
[Black "Tosic, Slobodan P"]
[Result "0-1"]
[WhiteElo "1777"]
[BlackElo "2067"]
[PlyCount "108"]
[EventDate "2024.08.19"]
[EventType "schev"]
[EventRounds "10"]
[EventCountry "SRB"]
[SourceTitle "EXT 2025"]
[Source "ChessBase"]
[SourceDate "2024.10.14"]
[SourceVersion "1"]
[SourceVersionDate "2024.10.14"]
[SourceQuality "1"]
[WhiteTeam "Team A"]
[BlackTeam "Team B"]
[WhiteTeamCountry "SRB"]
[BlackTeamCountry "SRB"]

1. e4 e5 2. Nf3 Nc6 3. Bc4 Bc5 4. d3 d6 5. c3 Nf6 6. Nbd2 a6 7. b4 Ba7 8. a4 0-0 9. Ba3 Bg4 10. h3 Bxf3 11. Qxf3 Qe7 12. g4 Nd8 13. g5 Nd7 14. h4 Ne6 15. Nf1 Rae8 16. Ng3 g6 17. 0-0-0 f6 18. h5 fxg5 19. Qg4 Rf4 20. Qh3 Rh4 21. Qg2 Kh8 22. Rxh4 gxh4 23. Ne2 Qf6 24. Rf1 g5 25. Kc2 h6 26. Bc1 Nb6 27. Bb3 Ng7 28. Qg4 Rf8 29. f3 Qe7 30. d4 Qe8 31. a5 Nd7 32. Ba4 c6 33. d5 Nf6 34. Qh3 Qf7 35. f4 Nfxh5 36. f5 Nf6 37. Qd3 cxd5 38. Bb3 Nge8 39. exd5 Qh5 40. c4 Qg4 41. Bb2 Qg2 42. Rd1 Ng4 43. Rd2 Nf2 44. Qc3 Ne4 45. Nf4 Qxd2+ 46. Qxd2 Nxd2 47. Ng6+ Kg8 48. Kxd2 Rf6 49. c5 Bb8 50. c6 Kg7 51. Ne7 Rf7 52. Nc8 Rxf5 53. Ke3 h3 54. Bc2 Rf4 0-1